Passable General Knowledge Trivia Quiz Stats

 Plays Quiz Updated Feb 2, 2015

Score 0/46 Timer 05:00
21 Plays Today
Question Answer % Correct
????
99.2%
????
97.4%
????
91.8%
????
91.7%
????
91.6%
????
90.3%
????
88.8%
????
88.2%
????
87.9%
????
87%
????
86.7%
????
86%
????
85.3%
????
83.2%
????
82.5%
????
82.3%
????
81.7%
????
81.5%
????
81%
????
80.3%
????
79.7%
????
79.5%
????
79.3%
Question Answer % Correct
????
77.7%
????
76.5%
????
73.9%
????
73.3%
????
70.3%
????
68.8%
????
68.4%
????
68.2%
????
67.7%
????
67.6%
????
65.7%
????
65.4%
????
64.1%
????
62.2%
????
61.2%
????
59.6%
????
59.4%
????
58.4%
????
56.4%
????
52%
????
51.4%
????
40.1%
????
39.7%

You're not logged in!

Compare scores with friends on all Sporcle quizzes.
OR
Log In

Show Comments

Extras

Top Quizzes Today


Score Distribution

Your Account Isn't Verified!

In order to create a playlist on Sporcle, you need to verify the email address you used during registration. Go to your Sporcle Settings to finish the process.

Report this User

Report this user for behavior that violates our Community Guidelines.

Details: